| 000 | 00809nam a22002537a 4500 | ||
|---|---|---|---|
| 001 | 9130 | ||
| 003 | FISKH | ||
| 005 | 20251124140130.0 | ||
| 008 | 251124b cb ||||| |||| 00| 0 eng d | ||
| 040 |
_aFISKH _beng _cFISKH _dFISKH |
||
| 050 | _aQL776 .M39 | ||
| 082 | _a591.59 | ||
| 100 |
_aMcGrath, Susan _eAuthor |
||
| 245 |
_aHow animals talk : _bBooks for young explorers / _cby Susan McGrath |
||
| 260 |
_aWashington : _bNational Geographic Society , _c1987 |
||
| 300 |
_a32 pages : _bcolor illustrations ; _c28 cm |
||
| 505 | _aN | ||
| 520 | _aDescribes how animals communicate with each other by means of sight, sound, smell, and touch. | ||
| 521 | 8 |
_a600
_bLexile estimate |
|
| 521 | 8 |
_aN
_bRaz-Plus |
|
| 650 |
_aAnimal communication _vAnimal habits |
||
| 942 |
_2ddc _cBK _n0 |
||
| 999 |
_c9130 _d9130 |
||